Т. 3, 4: Век Екатерины: 1725-1796; На рубеже эпох: 1796-1825; История России для детей и юношества
| Parent link: | История России для детей и юношества: В 6-ти т.. Т. 3, 4: Век Екатерины: 1725-1796; На рубеже эпох: 1796-1825.— , 1998-.— 5-7905-0103-6 |
|---|---|
| Κύριος συγγραφέας: | |
| Άλλοι συγγραφείς: | , |
| Γλώσσα: | Ρωσικά |
| Έκδοση: |
1998
|
| Θέματα: |
Пугачев
> Емельян Иванович
> Е. И.
> донской казак
> предводитель Крестьянской войны 1773 - 1775
> 1740/1742 - 1775
Меньшиков (Меншиков)
> Александр Данилович
> А. Д.
> русский государственный деятель
> светлейший князь
> сподвижник Петра I
> 1673 - 1729
Екатерина Алексеевна
> I
> 1684-1727
> урожденная Марта Скавронская
> российская императрица с 1725 г.
Екатерина Великая
> II
> 1729-1796
> российская императрица с 1762
> урожденная Софья Фредерика Августа Анхельт-Цербстская
Петр
> II
> российский император из династии Романовых
> сын царевича Алексея Петровича
> 1715 - 1730
|
| Μορφή: | Βιβλίο |
| KOHA link: | https://koha.lib.tpu.ru/cgi-bin/koha/opac-detail.pl?biblionumber=37428 |
MARC
| LEADER | 00000nam2a2200000 4500 | ||
|---|---|---|---|
| 001 | 37428 | ||
| 005 | 20251208142334.0 | ||
| 010 | |a 5790501060 | ||
| 035 | |a (RuTPU)RU\TPU\book\38009 | ||
| 090 | |a 37428 | ||
| 100 | |a 20020121d1998 dе y0rusy50020304ca | ||
| 101 | 0 | |a rus | |
| 102 | |a RU | ||
| 105 | |a abс z 001zd | ||
| 200 | 0 | |a Т. 3, 4: Век Екатерины: 1725-1796 |a На рубеже эпох: 1796-1825 |f А. Г. Кушнир, А. П. Шестопалов, А. В. Шишов | |
| 210 | |d 1998 | ||
| 215 | |a 528 с. |c ил. | ||
| 320 | |a Библиогр.: с. 516-519. | ||
| 461 | 1 | |0 (RuTPU)RU\TPU\book\38008 |y 5-7905-0103-6 |t История России для детей и юношества |o В 6-ти т. |v Т. 3, 4: Век Екатерины: 1725-1796; На рубеже эпох: 1796-1825 |d 1998- | |
| 600 | 1 | |a Пугачев |g Емельян Иванович |b Е. И. |c донской казак |c предводитель Крестьянской войны 1773 - 1775 |f 1740/1742 - 1775 |2 stltpui |3 (RuTPU)RU\TPU\pers\1267 | |
| 600 | 1 | |a Меньшиков (Меншиков) |g Александр Данилович |b А. Д. |c русский государственный деятель |c светлейший князь |c сподвижник Петра I |f 1673 - 1729 |2 stltpui |3 (RuTPU)RU\TPU\pers\1737 | |
| 600 | 0 | |a Екатерина Алексеевна |d I |f 1684-1727 |c урожденная Марта Скавронская |c российская императрица с 1725 г. |2 stltpui |3 (RuTPU)RU\TPU\pers\123 | |
| 600 | 0 | |a Екатерина Великая |d II |f 1729-1796 |c российская императрица с 1762 |c урожденная Софья Фредерика Августа Анхельт-Цербстская |2 stltpui |3 (RuTPU)RU\TPU\pers\98 | |
| 600 | 0 | |a Елизавета Петровна |f 1709 - 1761/1762 |c российская императрица с 1741 |c дочь Петра I |2 stltpush |3 (RuTPU)RU\TPU\pers\6024 | |
| 600 | 0 | |a Александр |d I |f 1777-1825 |c российский император с 1801 г. |c из династии Романовых |2 stltpui |3 (RuTPU)RU\TPU\pers\8 | |
| 600 | 0 | |a Павел |d I |f 1754-1801 |c российский император |c из династии Романовых |2 stltpui |3 (RuTPU)RU\TPU\pers\358 | |
| 600 | 0 | |a Петр |d III |c российский император |f 1728 - 1762 |c немецкий принц Карл Петр Ульрих |c внук Петра I |2 stltpui |3 (RuTPU)RU\TPU\pers\364 | |
| 600 | 0 | |a Петр |d II |c российский император из династии Романовых |c сын царевича Алексея Петровича |f 1715 - 1730 |2 stltpui |3 (RuTPU)RU\TPU\pers\671 | |
| 600 | 0 | |a Анна Иоанновна |f 1693 - 1740 |c российская императрица с 1730 г. |c дочь царя Ивана V, племянница Петра I, герцогиня Курляндская с 1710 г. |c из династии Романовых |2 stltpush |3 (RuTPU)RU\TPU\pers\6871 | |
| 606 | |a Россия |x История |9 81526 | ||
| 606 | |a Россия |x История |z кон. 17-18 вв. |9 81797 | ||
| 610 | 1 | |a 18 век | |
| 610 | 1 | |a 19 век | |
| 610 | 1 | |a дворцовые перевороты | |
| 610 | 1 | |a бироновщина | |
| 610 | 1 | |a русско-польская война | |
| 610 | 1 | |a русско-турецкая война | |
| 610 | 1 | |a промышленность | |
| 610 | 1 | |a культура | |
| 610 | 1 | |a народные восстания | |
| 610 | 1 | |a Семилетняя война | |
| 610 | 1 | |a реформы | |
| 610 | 1 | |a сельское хозяйство | |
| 610 | 1 | |a торговля | |
| 610 | 1 | |a крестьянское движение | |
| 610 | 1 | |a наука | |
| 610 | 1 | |a Отечественная война 1812 | |
| 610 | 1 | |a декабристы | |
| 686 | |a Т3(2) |2 rubbk | ||
| 686 | |a Т3(2)51 |2 rubbk | ||
| 700 | 1 | |a Кушнир |b А. Г. |g Александр Григорьевич | |
| 701 | 1 | |a Шестопалов |b А. П. |g Александр Павлович | |
| 701 | 1 | |a Шишов |b А. В. |g Алексей Васильевич | |
| 801 | 1 | |a RU |b 63413507 |c 20020121 |g PSBO | |
| 801 | 2 | |a RU |b 63413507 |c 20120828 |g PSBO | |
| 942 | |c BK | ||